Sports Quiz

Random Sports or Clickable Quiz

UEFA Euro 2016 Kit Makers Quiz Stats

 Plays Quiz not verified by Sporcle

Challenge
Share
Tweet
Score 0/24 Timer 05:00
0 Plays Today
% Correct
Germany
97.2%
England
96.7%
France
92.5%
Portugal
92.5%
Spain
92%
Belgium
90.6%
Italy
90.6%
Wales
89.6%
Croatia
89.2%
Sweden
89.2%
Turkey
88.7%
Iceland
88.2%
% Correct
Russia
87.7%
Ukraine
87.7%
Northern Ireland
87.7%
Czechia
87.7%
Ireland
87.7%
Hungary
87.7%
Switzerland
86.8%
Albania
86.3%
Poland
86.3%
Austria
86.3%
Romania
85.8%
Slovakia
85.8%

You're not logged in!

Compare scores with friends on all Sporcle quizzes.
OR
Log In

You Might Also Like...

Show Comments

Extras

Top Quizzes Today


Score Distribution

Your Account Isn't Verified!

In order to create a playlist on Sporcle, you need to verify the email address you used during registration. Go to your Sporcle Settings to finish the process.

Report this User

Report this user for behavior that violates our Community Guidelines.

Details: